Tabaco: lo que todos debemos saber : guía actualizada para educadores

Guardado en:
Formato: Libro
Publicado: Santiago de Chile : División de Promoción y Protección de la Salud
Materias:
Etiquetas: Agregar Etiqueta
Sin Etiquetas, Sea el primero en etiquetar este registro!
LEADER 00926nam a22001695a 4500
001 CEM.cems012622
005 20070711191233.0
008 130507b######################000#0#####d
003 CEMS
082 0 4 |a F616.86 
245 0 0 |a Tabaco: lo que todos debemos saber :  |b guía actualizada para educadores 
260 |a Santiago de Chile :  |b  División de Promoción y Protección de la Salud 
300 |a 32 p. 
505 0 |a ¿Qué es el tabaco? -- ¿Cómo se usa el tabaco? -- ¿Qué hay dentro de un cigarrillo? -- ¿Qué hay en el humo de un cigarrillo? -- ¿Por qué fuma la gente? -- ¿Qué consecuencias tiene para la salud? -- ¿Qué son los fumadores pasivos? -- ¿Existe un tratamiento contra la adicción a la nicotina? -- ¿Qué dicen las estadísticas ? -- La industria tabacalera -- ¿Qué podemos hacer? 
653 |a Educación para la salud 
653 |a Tabaquismo 
859 |a CEMS  |b BIB. CEMS - 11 de abril  |h F616.86  |i 3-8  |p 2132.44  |t Ej.1